000 00853nam a22002417a 4500
003 UA-OsUOA
001 37212
007 ta
008 20061219b un ||||| |||| 00| 0 ukr d
090 _a050
_bВ55
942 _cMG
040 _aUA-OsUOA
_bukr
_cUA-OsUOA
_dUA-OsUOA
245 _aВісник НТШ
_bІнформаційне видання Світової Ради Наукових товариств ім.Шевченка
_cЗа ред.О.Романова
300 _a43 с.
955 _a1
041 _aukr
080 _a050
022 _a1563-3977
260 _aЛьвів
310 _aВесна 2002; Ч.27
650 7 _a050 Серійні публікації. Періодика галузі, Організація та інші типи поєднання (співробітництва)
_2UDC
999 _c435738
_d435738